[Event "L. Polugaevsky Memorial 2012"]
[Site "Samara"]
[Date "2012.07.11"]
[Round "7.23"]
[White "Gusarov, Aleksey"]
[Black "Bukavshin, Ivan"]
[Result "0-1"]
[WhiteElo "1877"]
[BlackElo "2487"]
[PlyCount "92"]
[EventDate "2012.07.05"]

1. e4 c5 2. Nf3 e6 3. c3 Nf6 4. Bd3 d5 5. e5 Nfd7 6. Bc2 c4 7. O-O Nc6 8. Re1
g5 9. Ba4 Nc5 10. Bc2 Nd7 11. Ba4 Nc5 12. Bc2 Bg7 13. Nxg5 Nxe5 14. d4 cxd3 15.
Ba4+ Nxa4 16. Qxa4+ Bd7 17. Qf4 h6 18. Nf3 Ng6 19. Qe3 Bb5 20. Nd4 Ba6 21. Qg3
O-O 22. Be3 Qh4 23. Nb3 b6 24. Qxh4 Nxh4 25. Rd1 e5 26. Nc1 e4 27. Nb3 Nf5 28.
Nd4 Ne7 29. f4 Bxd4 30. cxd4 Nf5 31. Kf2 Rac8 32. Nc3 Bb7 33. g4 Nd6 34. Rac1
Nc4 35. b3 Na3 36. Rg1 f6 37. Nb1 Nxb1 38. Rxb1 Rc2+ 39. Kg3 Rxa2 40. Rgc1 Re2
41. Bg1 d2 42. Rd1 Rc8 43. Rb2 Rc3+ 44. Kh4 e3 45. Rbb1 Rg2 46. Kh3 Rxg1 0-1

[Event "L. Polugaevsky Memorial 2012"]
[Site "Samara"]
[Date "2012.07.11"]
[Round "7.24"]
[White "Palachev, Petr"]
[Black "Smetanov, Nikolay"]
[Result "1/2-1/2"]
[WhiteElo "2287"]
[BlackElo "2095"]
[PlyCount "123"]
[EventDate "2012.07.05"]

1. e4 e6 2. d4 d5 3. Nc3 Nf6 4. Bg5 dxe4 5. Nxe4 Be7 6. Bxf6 Bxf6 7. Nf3 Nd7 8.
Qd2 b6 9. Bb5 Bb7 10. Nxf6+ gxf6 11. Qf4 c6 12. Bd3 Qe7 13. O-O-O O-O-O 14.
Rhe1 Nf8 15. g3 Ng6 16. Qe3 Qc7 17. h4 f5 18. h5 Ne7 19. c4 Ng8 20. Ne5 Nf6 21.
Qh6 Ne8 22. Bc2 c5 23. dxc5 Rxd1+ 24. Bxd1 bxc5 25. Bc2 Qe7 26. Re3 Nd6 27. Ra3
Rd8 28. Qe3 Ne4 29. Rxa7 Qc7 30. f4 f6 31. Nd3 Rg8 32. Qe1 Kb8 33. Ra5 Rxg3 34.
Rb5 Qd6 35. Rxb7+ Kxb7 36. Nxc5+ Qxc5 37. Bxe4+ fxe4 38. Qxg3 Qxc4+ 39. Kb1
Qf1+ 40. Kc2 Qc4+ 41. Qc3 Qe2+ 42. Kb3 Qf3 43. a4 e3 44. Qb4+ Ka8 45. Qf8+ Kb7
46. Qf7+ Ka8 47. Qg8+ Kb7 48. Qxh7+ Ka8 49. Qg8+ Kb7 50. Qf7+ Ka8 51. Qe8+ Kb7
52. Qd7+ Kb8 53. Qd6+ Kb7 54. Qd3 Qxf4 55. Qb5+ Kc7 56. a5 Qe4 57. Qe2 Qd5+ 58.
Kc2 Qxa5 59. Qh2+ Kd7 60. Kd3 Qd5+ 61. Kxe3 Qb3+ 62. Kd4 1/2-1/2

[Event "L. Polugaevsky Memorial 2012"]
[Site "Samara"]
[Date "2012.07.11"]
[Round "7.25"]
[White "Sukhareva, Evgeniya"]
[Black "Afanasiev, Dmitry"]
[Result "1-0"]
[WhiteElo "2259"]
[BlackElo "2068"]
[PlyCount "73"]
[EventDate "2012.07.05"]

1. d4 Nf6 2. c4 c5 3. dxc5 e6 4. a3 Bxc5 5. Nf3 O-O 6. Qc2 b6 7. Bg5 Bb7 8. Nc3
h6 9. Bh4 Be7 10. Rd1 a6 11. e4 Qc7 12. Bg3 d6 13. Be2 Nbd7 14. O-O Rac8 15.
Nd2 g5 16. f4 Kg7 17. Kh1 gxf4 18. Rxf4 Ne5 19. Rdf1 Nfd7 20. R4f2 Ng6 21. Nf3
Nde5 22. Nxe5 dxe5 23. Bh5 Rcd8 24. Qe2 Bc5 25. Rf6 Be7 26. R6f3 Qd6 27. Qf2 f6
28. Bxg6 Kxg6 29. Bh4 Qd2 30. Qxb6 Bc8 31. h3 Rd3 32. R3f2 Qe3 33. Qxe3 Rxe3
34. Rd2 Bxa3 35. Bf2 Rxc3 36. bxc3 Bb7 37. Ra1 1-0

[Event "L. Polugaevsky Memorial 2012"]
[Site "Samara"]
[Date "2012.07.11"]
[Round "7.26"]
[White "Natacheev, Peter"]
[Black "Chekletsov, Ilya"]
[Result "1-0"]
[WhiteElo "2242"]
[BlackElo "2021"]
[PlyCount "159"]
[EventDate "2012.07.05"]

1. e4 c5 2. c3 g6 3. d4 cxd4 4. cxd4 d5 5. Nc3 dxe4 6. Nxe4 Bg7 7. Be3 Nh6 8.
Bb5+ Nd7 9. Bxh6 Bxh6 10. Nf3 O-O 11. O-O a6 12. Bc4 Nb6 13. Bb3 Bg4 14. Re1
Rc8 15. d5 Bg7 16. Rb1 Nc4 17. h3 Bf5 18. Nh4 Bxe4 19. Rxe4 Nd6 20. Re2 Re8 21.
Nf3 Nc4 22. Ng5 Bh6 23. Nf3 Bg7 24. h4 Qd6 25. Ng5 Qd7 26. h5 Qf5 27. hxg6 hxg6
28. Ne4 Red8 29. Ng3 Qg5 30. Qe1 Qxd5 31. Rxe7 Bf6 32. Re2 Qb5 33. Ne4 Bg7 34.
Rc2 Rc6 35. Qe2 Ne5 36. Qxb5 axb5 37. Re2 Nc4 38. Ng5 Bf6 39. Nf3 Kg7 40. g3
Rcc8 41. Rc2 Rd3 42. Kg2 Rxb3 43. axb3 Ne3+ 44. fxe3 Rxc2+ 45. Kf1 Rxb2 46.
Rxb2 Bxb2 47. Ke2 Kf6 48. g4 Ke6 49. Ng5+ Ke7 50. Kd3 f6 51. Ne4 b6 52. Ng3 Ke6
53. Ke4 Be5 54. Nf1 Kd6 55. Nd2 Bc3 56. Nf3 Kc5 57. Kd3 Kb4 58. Kc2 Be5 59. Nh4
g5 60. Nf5 Kc5 61. Kd3 Bc7 62. Nd4 Bg3 63. Nc2 Kd5 64. Nd4 Be5 65. Nxb5 Kc5 66.
Na3 Kb4 67. Nc4 b5 68. Nd2 f5 69. Nf3 Bf6 70. gxf5 g4 71. Nd4 g3 72. Ke2 Kc5
73. Kf3 Be5 74. Nc2 Kd5 75. Ne1 Bc7 76. Ng2 Kc5 77. Nf4 Kb4 78. Nd5+ Kxb3 79.
Nxc7 b4 80. Nd5 1-0

[Event "L. Polugaevsky Memorial 2012"]
[Site "Samara"]
[Date "2012.07.11"]
[Round "7.27"]
[White "Khanin, Semen"]
[Black "Rotmistrov, Aleksandr"]
[Result "1/2-1/2"]
[WhiteElo "2221"]
[BlackElo "1835"]
[PlyCount "116"]
[EventDate "2012.07.05"]

1. e4 c6 2. d4 d5 3. Nc3 dxe4 4. Nxe4 Nd7 5. Nf3 Ngf6 6. Nxf6+ Nxf6 7. Bd3 Bg4
8. c3 e6 9. h3 Bh5 10. Qe2 Be7 11. Bd2 Qd5 12. Bc4 Qe4 13. Be3 Bg6 14. O-O Nd5
15. Ne5 Qc2 16. Nxg6 Qxe2 17. Bxe2 hxg6 18. Bd2 Bd6 19. Bf3 Bf4 20. Rfd1 Bxd2
21. Rxd2 Ke7 22. c4 Nb6 23. b3 Rhd8 24. Rad1 Rd7 25. Kf1 Rad8 26. Ke2 e5 27.
Ke3 Ke6 28. g3 g5 29. Be2 g6 30. Bf1 f5 31. f4 gxf4+ 32. gxf4 exf4+ 33. Kxf4
Kf6 34. Bg2 g5+ 35. Kg3 c5 36. d5 Nc8 37. Re1 Re7 38. Rxe7 Nxe7 39. a3 a5 40.
b4 f4+ 41. Kf2 axb4 42. axb4 b6 43. bxc5 bxc5 44. Rb2 Nf5 45. Rb5 Ra8 46. Rb2
Ra4 47. Rb6+ Ke7 48. Rg6 Rxc4 49. Rxg5 Kf6 50. Rg8 Rc2+ 51. Ke1 Ke5 52. Re8+
Kd4 53. Be4 Nd6 54. Bxc2 Nxe8 55. Ke2 Kxd5 56. Kf3 Ke5 57. h4 Nf6 58. Bg6 c4
1/2-1/2

[Event "L. Polugaevsky Memorial 2012"]
[Site "Samara"]
[Date "2012.07.11"]
[Round "7.28"]
[White "Mirzaev, Aziz"]
[Black "Liberman, Evgeny"]
[Result "1-0"]
[WhiteElo "2154"]
[BlackElo "2213"]
[PlyCount "69"]
[EventDate "2012.07.05"]

1. d4 Nc6 2. Nf3 d6 3. g3 Bg4 4. d5 Nb8 5. h3 Bd7 6. e4 Nf6 7. Nc3 g6 8. Bg2
Bg7 9. O-O O-O 10. e5 dxe5 11. Nxe5 Bc8 12. Re1 Nbd7 13. f4 Re8 14. Be3 Nf8 15.
Qf3 e6 16. dxe6 Rxe6 17. Rad1 Qe8 18. Qf2 N8d7 19. Nb5 Qd8 20. Nxa7 Qe7 21.
Nxc8 Rxc8 22. Bxb7 Rb8 23. Nc6 Qf8 24. Nxb8 Qxb8 25. Qf3 Bf8 26. Bf2 Nc5 27.
Rxe6 fxe6 28. Bxc5 Bxc5+ 29. Kg2 Bd6 30. Qb3 Kf7 31. Re1 Qe8 32. Bf3 Qe7 33. a4
h5 34. h4 Nd7 35. Rxe6 1-0

[Event "L. Polugaevsky Memorial 2012"]
[Site "Samara"]
[Date "2012.07.11"]
[Round "7.29"]
[White "Bakin, Alexander"]
[Black "Shapiro, David"]
[Result "1/2-1/2"]
[WhiteElo "2176"]
[BlackElo "2007"]
[PlyCount "111"]
[EventDate "2012.07.05"]

1. e4 c6 2. d4 d5 3. exd5 cxd5 4. c4 Nf6 5. Nc3 e6 6. Nf3 Be7 7. Bg5 O-O 8. a3
b6 9. Ne5 Bb7 10. Be2 dxc4 11. O-O Nc6 12. Bf3 Nd5 13. Bxe7 Ncxe7 14. Nxc4 Nxc3
15. bxc3 Bxf3 16. Qxf3 Qc7 17. Ne5 Rac8 18. Rac1 Nc6 19. Nd3 Na5 20. Qg4 Rfd8
21. Nf4 Nb3 22. Rcd1 Qxc3 23. d5 Qc4 24. dxe6 fxe6 25. Qxe6+ Qxe6 26. Nxe6 Rxd1
27. Rxd1 Kf7 28. Ng5+ Kg6 29. h4 Rc1 30. Rxc1 Nxc1 31. Ne4 b5 32. g4 Ne2+ 33.
Kg2 Nd4 34. f4 a5 35. f5+ Kf7 36. Kg3 Ke7 37. Nc3 h5 38. gxh5 Nxf5+ 39. Kf4 Nd6
40. Kg5 Kf7 41. h6 gxh6+ 42. Kxh6 b4 43. axb4 axb4 44. Na4 Kf6 45. Kh5 Kf5 46.
Kh6 b3 47. h5 Kf6 48. Kh7 Kg5 49. Kg7 Kxh5 50. Kf6 Kg4 51. Ke5 Nc4+ 52. Kd4 Na5
53. Kc3 Kf3 54. Nc5 Ke3 55. Nxb3 Nxb3 56. Kxb3 1/2-1/2

[Event "L. Polugaevsky Memorial 2012"]
[Site "Samara"]
[Date "2012.07.11"]
[Round "7.31"]
[White "Yandarbiev, Ruslan"]
[Black "Sazonova, Anastasia"]
[Result "1/2-1/2"]
[WhiteElo "2375"]
[BlackElo "1939"]
[PlyCount "142"]
[EventDate "2012.07.05"]

1. e4 c5 2. Nf3 d6 3. d4 cxd4 4. Nxd4 Nf6 5. Nc3 Nc6 6. Bg5 e6 7. Qd2 Be7 8.
O-O-O O-O 9. f4 Nxd4 10. Qxd4 Qc7 11. Be2 Rd8 12. Kb1 Bd7 13. f5 Rac8 14. Qxa7
exf5 15. Bd3 Ra8 16. Qd4 Qa5 17. a3 d5 18. Bxf6 Bxf6 19. e5 Be7 20. Nxd5 Bc5
21. Qc3 Qa7 22. Rhe1 Bd4 23. Qb4 Bc5 24. Qb3 Be6 25. Bxf5 Bxd5 26. Rxd5 Rxd5
27. Qxd5 Bxa3 28. Bxh7+ Kxh7 29. Qd3+ Kg8 30. bxa3 Qxa3 31. Qxa3 Rxa3 32. Rd1
Re3 33. Rd8+ Kh7 34. Rd7 Rxe5 35. Rxf7 Re2 36. Rxb7 Rxg2 37. h3 Rg3 38. Rb3 Rg6
39. Kb2 Kh6 40. c4 Rc6 41. Rc3 Kg5 42. Kb3 Kf6 43. c5 Ke7 44. Kb4 Kd8 45. Kb5
Rh6 46. Rg3 Kc8 47. c6 Rh4 48. Kb6 Rb4+ 49. Kc5 Rh4 50. Rc3 Kc7 51. Kd5 g5 52.
Rg3 Rh6 53. Ke5 Kxc6 54. Rd3 Rh8 55. Kf6 Rg8 56. Rg3 Rf8+ 57. Kg7 Rf5 58. Kg6
Rf8 59. Rxg5 Kd6 60. Kg7 Rf4 61. Rg4 Rf3 62. h4 Rh3 63. Kg6 Ke7 64. Rf4 Rg3+
65. Kh6 Rg1 66. h5 Rg2 67. Kh7 Rg1 68. h6 Rg2 69. Ra4 Kf7 70. Ra7+ Kf8 71. Ra8+
Kf7 1/2-1/2

[Event "L. Polugaevsky Memorial 2012"]
[Site "Samara"]
[Date "2012.07.11"]
[Round "7.32"]
[White "Duzhakov, Ilya"]
[Black "Bobrov, Vitaly"]
[Result "1-0"]
[WhiteElo "2342"]
[BlackElo "1925"]
[PlyCount "155"]
[EventDate "2012.07.05"]

1. d4 d5 2. c4 e6 3. Nc3 Nf6 4. Bg5 c6 5. e3 Nbd7 6. cxd5 exd5 7. Bd3 Bd6 8.
Nge2 O-O 9. Bh4 Re8 10. Qc2 Nf8 11. O-O Bxh2+ 12. Kxh2 Ng4+ 13. Kg3 g5 14. Bf5
Nh6 15. Bxc8 gxh4+ 16. Kh2 Rxc8 17. Rh1 Ng6 18. Kg1 Qg5 19. Rh3 Nf5 20. Kh1 Nd6
21. Rf1 Kh8 22. Rg1 Qf5 23. Qxf5 Nxf5 24. g4 hxg3 25. Nxg3 Nxg3+ 26. Rgxg3 Kg7
27. Rg5 Rh8 28. Ne2 f6 29. Rgh5 h6 30. Kg2 b6 31. Rf3 Rcd8 32. Kf1 Rd6 33. Ng3
Ne7 34. Rh4 Rf8 35. Nh5+ Kh7 36. Rg4 Rg8 37. Rfg3 Nf5 38. Rg1 c5 39. dxc5 bxc5
40. Ke2 Ra6 41. Kf3 Re6 {=} 42. Rc1 c4 43. Rcg1 Ne7 44. Rg7+ Rxg7 45. Rxg7+ Kh8
46. Rf7 Kg8 47. Rg7+ Kh8 48. Rf7 Kg8 49. Rxf6 Rb6 50. Rxb6 axb6 51. Kf4 b5 52.
a3 Kf7 53. Ke5 Kg6 54. Nf4+ Kg5 55. Kd6 Ng6 56. Ng2 Kg4 57. f4 Kf3 58. f5 Nf8
59. Nh4+ Kxe3 60. Kxd5 Kd2 61. Kc5 Kc2 62. Kxb5 Kxb2 63. Kxc4 Kxa3 64. f6 Ka4
65. f7 Ka5 66. Kc5 Nh7 67. Kd6 Kb6 68. Nf5 h5 69. Nh4 Kb7 70. Ke7 Kc6 71. Nf3
h4 72. Nxh4 Kd5 73. Nf3 Ke4 74. Ng5+ Nxg5 75. f8=Q Nf3 76. Kd6 Nd4 77. Qe8+ Kf3
78. Kd5 1-0

[Event "L. Polugaevsky Memorial 2012"]
[Site "Samara"]
[Date "2012.07.11"]
[Round "7.33"]
[White "Strunin, Anton"]
[Black "Purygin, Andrei"]
[Result "0-1"]
[WhiteElo "1889"]
[BlackElo "2249"]
[PlyCount "108"]
[EventDate "2012.07.05"]

1. d4 Nf6 2. Nf3 g6 3. Bf4 Bg7 4. e3 d6 5. Nbd2 Nc6 6. Bc4 O-O 7. O-O Bf5 8. c3
Qe8 9. Bb5 a6 10. Bxc6 Qxc6 11. Qe2 Rfe8 12. Rfe1 Ne4 13. Qc4 Qd7 14. Nxe4 Bxe4
15. Ng5 d5 16. Qxc7 Qb5 17. b3 Rac8 18. c4 dxc4 19. bxc4 Qxg5 20. Bxg5 Rxc7 21.
Rac1 Rec8 22. c5 b6 23. f3 Bd5 24. Rc2 bxc5 25. Rec1 c4 26. Bf4 e5 27. dxe5 Be6
28. Bg3 Rc5 29. f4 Bf5 30. Rc3 f6 31. Bf2 Be4 32. e6 f5 33. Ra3 Bb2 34. Rac3
Bxc1 35. Rxc1 c3 36. Be1 c2 37. Kf2 Rd8 38. e7 Re8 39. Ke2 Rb5 40. g3 Rxe7 41.
Bc3 Rb1 42. Kd2 Rd7+ 43. Bd4 Kf7 44. a4 Ke6 45. a5 Kd5 46. h3 Kc4 47. g4 Rxd4+
48. exd4 Kxd4 49. gxf5 Rxc1 50. Kxc1 gxf5 51. Kd2 h6 52. h4 h5 53. Kc1 Kd3 54.
Kb2 Kd2 0-1

[Event "L. Polugaevsky Memorial 2012"]
[Site "Samara"]
[Date "2012.07.11"]
[Round "7.34"]
[White "Shur, Tatiana"]
[Black "Popov, Alexey"]
[Result "0-1"]
[WhiteElo "1794"]
[BlackElo "2229"]
[PlyCount "87"]
[EventDate "2012.07.05"]

1. d4 d5 2. Nf3 Nf6 3. e3 g6 4. Bd3 Bg7 5. Ne5 O-O 6. O-O Ne8 7. c4 Bxe5 8.
dxe5 dxc4 9. Bxc4 Qxd1 10. Rxd1 Nc6 11. f4 Bg4 12. Re1 Rd8 13. Bd2 a6 14. Bc3
Ng7 15. a4 Rd7 16. Nd2 Rfd8 17. Ne4 Rb8 18. Ng5 Nd8 19. e4 h6 20. Nf3 Bxf3 21.
gxf3 b5 22. e6 Ngxe6 23. Bxe6 Nxe6 24. axb5 axb5 25. f5 Nf4 26. fxg6 b4 27.
gxf7+ Kxf7 28. Be5 Nd3 29. Bg3 Nxe1 30. Rxe1 Rd2 31. Bxc7 Rg8+ 32. Kh1 Rxb2 33.
e5 Ke6 34. Bb6 h5 35. f4 Rc2 36. Rb1 b3 37. Be3 b2 38. Rf1 Kf5 39. Rd1 h4 40.
e6 Ke4 41. Re1 Kf3 42. f5 Rgg2 43. Bg1 Rxg1+ 44. Rxg1 0-1

[Event "L. Polugaevsky Memorial 2012"]
[Site "Samara"]
[Date "2012.07.11"]
[Round "7.35"]
[White "Shaydullina, Sandugach"]
[Black "Velichko, Arseny"]
[Result "1-0"]
[WhiteElo "2160"]
[BlackElo "1914"]
[PlyCount "67"]
[EventDate "2012.07.05"]

1. d4 d5 2. c4 e6 3. Nf3 c6 4. e3 Nf6 5. Bd3 dxc4 6. Bxc4 Nbd7 7. O-O b5 8. Bd3
a6 9. a4 b4 10. Qe2 Bb7 11. Rd1 Qc7 12. e4 c5 13. d5 Be7 14. dxe6 fxe6 15. Nbd2
O-O 16. Bc4 Kh8 17. Ng5 Qc6 18. Nxe6 Rfe8 19. Ng5 Ne5 20. f3 h6 21. Nf7+ Nxf7
22. Bxf7 Rf8 23. Bc4 Bd6 24. Nf1 Be5 25. Be3 Qc7 26. Rac1 Qe7 27. f4 Bc7 28. e5
Ne4 29. Bd5 Bb6 30. Rc4 Bxd5 31. Rxd5 g5 32. Rxe4 Qb7 33. Qc4 Qf7 34. e6 1-0

[Event "L. Polugaevsky Memorial 2012"]
[Site "Samara"]
[Date "2012.07.11"]
[Round "7.36"]
[White "Popelyshev, Igor V"]
[Black "Sinyanskiy, Maxim"]
[Result "0-1"]
[WhiteElo "2095"]
[BlackElo "1753"]
[PlyCount "61"]
[EventDate "2012.07.05"]

1. d4 Nf6 2. c4 g6 3. Nc3 Bg7 4. e4 d6 5. f3 O-O 6. Be3 Nc6 7. Qd2 e5 8. Nge2
exd4 9. Nxd4 a6 10. Be2 Re8 11. O-O Bd7 12. Rfe1 Rb8 13. a3 Nxd4 14. Bxd4 b5
15. b4 Qc8 16. c5 dxc5 17. Bxc5 Be6 18. Rac1 Nd7 19. Be3 Ne5 20. Nd5 c6 21.
Red1 Qb7 22. f4 cxd5 23. exd5 Ng4 24. dxe6 Nxe3 25. Qxe3 Rxe6 26. Qd2 Qb6+ 27.
Kf1 Rbe8 28. Bf3 Bh6 29. Bd5 Bxf4 30. Qa2 Bxc1 31. Rxc1 0-1

[Event "L. Polugaevsky Memorial 2012"]
[Site "Samara"]
[Date "2012.07.11"]
[Round "7.37"]
[White "Sorochan, Dmitry"]
[Black "Maslova, Polina"]
[Result "1/2-1/2"]
[WhiteElo "2068"]
[BlackElo "1824"]
[PlyCount "89"]
[EventDate "2012.07.05"]

1. e4 c5 2. Nf3 Nc6 3. d4 cxd4 4. Nxd4 Nf6 5. Nc3 e5 6. Ndb5 d6 7. Bg5 a6 8.
Na3 b5 9. Nd5 Be7 10. Bxf6 Bxf6 11. c4 b4 12. Nc2 O-O 13. g3 Bg5 14. Bg2 Qa5
15. b3 Qc5 16. O-O a5 17. Qd3 Be6 18. Rad1 Ra7 19. Kh1 Bd8 20. Nde3 Bc7 21. f4
f6 22. f5 Bf7 23. Nd5 Bd8 24. g4 a4 25. Rd2 axb3 26. axb3 Be8 27. Bf3 Ra2 28.
Rg1 Rb2 29. Rgd1 Rf7 30. Nde3 Bc7 31. g5 fxg5 32. Bh5 Rf8 33. Bxe8 Rxe8 34. Nd5
Bd8 35. Qf3 Rf8 36. h4 gxh4 37. Rg1 Qa7 38. Rdg2 Rf7 39. f6 g6 40. Qf5 Kf8 41.
Rxg6 hxg6 42. Qxg6 Qxg1+ 43. Kxg1 Rxc2 44. Qh6+ Kg8 45. Qg6+ 1/2-1/2

[Event "L. Polugaevsky Memorial 2012"]
[Site "Samara"]
[Date "2012.07.11"]
[Round "7.39"]
[White "Korovin, Mikhail"]
[Black "Litvinov, Maxim"]
[Result "1/2-1/2"]
[WhiteElo "2110"]
[BlackElo "1947"]
[PlyCount "140"]
[EventDate "2012.07.05"]

1. d4 d5 2. Nf3 Nf6 3. c4 e6 4. e3 Be7 5. Nbd2 O-O 6. Bd3 b6 7. e4 dxe4 8. Nxe4
Bb7 9. Qc2 Nbd7 10. O-O c5 11. Rd1 Nxe4 12. Bxe4 Bxe4 13. Qxe4 Nf6 14. Qb7 Qd7
15. Qa6 Rfd8 16. Bg5 Qc7 17. dxc5 bxc5 18. g3 Qb6 19. Qxb6 axb6 20. a3 Kf8 21.
Ne5 Ke8 22. Nc6 Rd6 23. Nxe7 Kxe7 24. Bxf6+ gxf6 25. Rxd6 Kxd6 26. Rd1+ Ke7 27.
Kf1 e5 28. Ke2 f5 29. Rd5 f6 30. Rd3 Ra4 31. Rb3 Ra6 32. Kd2 Kd6 33. Rd3+ Ke7
34. Kc2 Ra4 35. Kc3 h5 36. h4 Ra8 37. Kc2 Ra4 38. Rc3 Ra8 39. Rb3 Ra6 40. Kb1
Ke6 41. Kc1 Ke7 42. Kd2 Ke6 43. Kc2 Ke7 44. Rb5 Kd7 45. Kb1 Kc6 46. Rb3 Ra4 47.
Rf3 f4 48. b3 Rxa3 49. gxf4 Kd6 50. Rd3+ Ke6 51. fxe5 fxe5 52. Rg3 Kf5 53. Rg5+
Ke4 54. Kb2 Ra8 55. Rxh5 Rf8 56. Rh6 Rxf2+ 57. Ka3 Rh2 58. Rxb6 Rxh4 59. Rc6
Kd4 60. Rd6+ Kc3 61. Rd5 Rh8 62. Ka4 Re8 63. Rxc5 e4 64. Rh5 e3 65. Rh3 Kd2 66.
c5 e2 67. Rh1 e1=Q 68. Rxe1 Rxe1 69. c6 Kd3 70. Kb5 Rb1 1/2-1/2

[Event "L. Polugaevsky Memorial 2012"]
[Site "Samara"]
[Date "2012.07.11"]
[Round "7.40"]
[White "Kobylsky, Evgeny"]
[Black "Gumerov, Ruslan"]
[Result "1-0"]
[WhiteElo "2091"]
[BlackElo "1877"]
[PlyCount "91"]
[EventDate "2012.07.05"]

1. e4 c5 2. Nc3 Nc6 3. g3 g6 4. Bg2 Bg7 5. d3 d6 6. f4 e6 7. Nf3 Nge7 8. O-O
O-O 9. Rb1 Nd4 10. Ne2 Nxf3+ 11. Bxf3 d5 12. Be3 b6 13. Qe1 Bb7 14. Qf2 Qc7 15.
c4 d4 16. Bd2 f5 17. Qg2 Kh8 18. b4 Rab8 19. Nc1 a5 20. bxa5 bxa5 21. Rb5 a4
22. Ba5 Qc8 23. Rf2 Ba8 24. Rfb2 Rxb5 25. Rxb5 Qc6 26. Qc2 Rc8 27. Qxa4 Qd7 28.
Qc2 Bf8 29. Bb6 Nc6 30. Nb3 Nb4 31. Qe2 Na6 32. e5 Bc6 33. Ra5 Qb7 34. Bxc6
Rxc6 35. Bd8 Rc8 36. Bf6+ Kg8 37. g4 Nb4 38. a3 Nc6 39. Rb5 Qa7 40. gxf5 gxf5
41. Qg2+ Kf7 42. Nxc5 Rc7 43. Nxe6 Qxa3 44. Nxc7 Qc1+ 45. Qf1 Qe3+ 46. Kh1 1-0

[Event "L. Polugaevsky Memorial 2012"]
[Site "Samara"]
[Date "2012.07.11"]
[Round "7.41"]
[White "Elistratov, Semen"]
[Black "Orekhov, Vladislav"]
[Result "1-0"]
[WhiteElo "1985"]
[BlackElo "1792"]
[PlyCount "99"]
[EventDate "2012.07.05"]

1. e4 c5 2. Nf3 Nc6 3. d4 cxd4 4. Nxd4 e5 5. Nb5 d6 6. c4 Be7 7. N1c3 a6 8. Na3
f5 9. exf5 Bxf5 10. Bd3 Be6 11. O-O Nf6 12. Nc2 O-O 13. Ne3 Nd4 14. Ned5 Nxd5
15. Nxd5 Bxd5 16. cxd5 Bg5 17. Qh5 h6 18. Qg6 Qf6 19. Qh7+ Kf7 20. Bxg5 hxg5
21. Rac1 Rac8 22. Qh5+ Ke7 23. Rc3 Rh8 24. Qg4 Qf4 25. h3 Qxg4 26. hxg4 e4 27.
Re1 Kd7 28. Rxe4 Rxc3 29. bxc3 Nb5 30. Bxb5+ axb5 31. Rb4 Ra8 32. Rxb5 Kc7 33.
Rb2 Ra5 34. c4 Ra4 35. Re2 Kb6 36. Re7 Rxc4 37. Rxg7 Rxg4 38. g3 Ra4 39. Rxg5
Rxa2 40. f4 Kc5 41. Rg7 b5 42. Rb7 Rd2 43. f5 Rxd5 44. f6 Rf5 45. f7 b4 46. g4
Rf4 47. g5 b3 48. g6 Kc4 49. Kh2 Kc3 50. g7 1-0

[Event "L. Polugaevsky Memorial 2012"]
[Site "Samara"]
[Date "2012.07.11"]
[Round "7.42"]
[White "Alieva, Alexandra"]
[Black "Velichko, Artemy"]
[Result "1/2-1/2"]
[WhiteElo "1975"]
[BlackElo "1761"]
[PlyCount "106"]
[EventDate "2012.07.05"]

1. e4 e6 2. d4 d5 3. Nd2 c5 4. c3 cxd4 5. cxd4 dxe4 6. Nxe4 Bb4+ 7. Nc3 Nf6 8.
Nf3 O-O 9. Bd3 b6 10. O-O Bb7 11. Bg5 Be7 12. Re1 h6 13. Bh4 Nd5 14. Bxe7 Qxe7
15. Bc4 Qd8 16. Bb3 Nf6 17. Qd3 Nc6 18. Rad1 Nb4 19. Qe2 Nbd5 20. Bc2 Rc8 21.
Nxd5 Bxd5 22. Bb1 Qc7 23. Ne5 Qb7 24. Ng4 Nxg4 25. Qxg4 f5 26. Qg3 Rf6 27. f3
Kf7 28. Kh1 g5 29. Rd2 Rd8 30. Qe5 g4 31. f4 Rc8 32. Kg1 h5 33. Bc2 h4 34. Qe3
Rg6 35. Bb3 g3 36. h3 Bxb3 37. Qxb3 Rd8 38. Qc4 Qd5 39. Qa4 Qd7 40. Qd1 Kg7 41.
Re5 Qf7 42. d5 Rxd5 43. Rdxd5 exd5 44. Rxd5 Re6 45. Kf1 Kg6 46. Qd3 Re4 47.
Rd6+ Re6 48. Rd5 Rf6 49. b3 Qc7 50. Qe3 Qc6 51. Qd2 Re6 52. a4 Qe8 53. Rd8 Qe7
1/2-1/2

[Event "L. Polugaevsky Memorial 2012"]
[Site "Samara"]
[Date "2012.07.11"]
[Round "7.44"]
[White "Jurkina, Yulia"]
[Black "Vdovin, Maxim"]
[Result "0-1"]
[WhiteElo "1999"]
[BlackElo "1752"]
[PlyCount "138"]
[EventDate "2012.07.05"]

1. e4 c5 2. Nf3 d6 3. d4 cxd4 4. Nxd4 Nf6 5. Nc3 g6 6. Be3 Bg7 7. Be2 O-O 8.
O-O Bd7 9. f3 Nc6 10. Qd2 a6 11. Rad1 Rc8 12. Nd5 Nxd5 13. exd5 Nxd4 14. Bxd4
Bxd4+ 15. Qxd4 Rxc2 16. Bc4 Rxc4 17. Qxc4 Bb5 18. Qb4 Bxf1 19. Rxf1 Qd7 20. Re1
Rc8 21. Qe4 Rc7 22. b3 Qb5 23. Qd4 Qa5 24. Re2 Qc5 25. Qxc5 dxc5 26. Rc2 b6 27.
Kf2 Rd7 28. Rd2 e6 29. d6 f5 30. f4 Kf7 31. a4 a5 32. Ke2 Ke8 33. Kf3 Kd8 34.
h4 h5 35. Ke2 Kc8 36. Rd3 Rg7 37. Kd2 Kd7 38. Kc3 Kc6 39. g3 Rd7 40. Kc4 Rxd6
41. Re3 Rd4+ 42. Kc3 Kd6 43. Re2 Ke7 44. Re3 Re4 45. Rd3 e5 46. fxe5 Rxe5 47.
Kc4 Re6 48. Kb5 Kf6 49. Rf3 g5 50. hxg5+ Kxg5 51. Rf4 Re4 52. Rf3 Rb4+ 53. Kc6
Kg4 54. Rc3 f4 55. gxf4 Kxf4 56. Rc4+ Rxc4 57. bxc4 h4 58. Kxb6 h3 59. Kxc5 h2
60. Kb5 h1=Q 61. Kxa5 Qb1 62. Ka6 Qb4 63. a5 Qxc4+ 64. Ka7 Qc7+ 65. Ka6 Qc6+
66. Ka7 Qc7+ 67. Ka6 Ke5 68. Kb5 Qa7 69. a6 Kd6 0-1

[Event "L. Polugaevsky Memorial 2012"]
[Site "Samara"]
[Date "2012.07.11"]
[Round "7.45"]
[White "Loginov, Ilya"]
[Black "Idrisova, Roza"]
[Result "0-1"]
[WhiteElo "1740"]
[BlackElo "2101"]
[PlyCount "74"]
[EventDate "2012.07.05"]

1. e4 c6 2. Nc3 d5 3. Nf3 Nf6 4. e5 Ne4 5. Ne2 Bg4 6. Ng3 e6 7. d3 Nxg3 8. hxg3
Nd7 9. d4 Qb6 10. c3 c5 11. Qa4 Bxf3 12. gxf3 cxd4 13. Qxd4 Bc5 14. Qd2 Nxe5
15. Bg2 Qa6 16. Rf1 O-O 17. f4 Nd3+ 18. Kd1 Rfd8 19. b4 Be7 20. Kc2 Nxc1 21.
Kxc1 d4 22. Rh1 dxc3 23. Qc2 Qa3+ 24. Kb1 Qxb4+ 25. Kc1 Qa3+ 26. Kb1 g6 27. Qb3
Qd6 28. Be4 c2+ 29. Bxc2 Bf6 30. Rd1 Qc6 31. Rc1 Rac8 32. a4 Bxa1 33. Kxa1 Qc3+
34. Qxc3 Rxc3 35. Kb2 Rdc8 36. Kb1 Kg7 37. Kb2 b6 0-1

[Event "L. Polugaevsky Memorial 2012"]
[Site "Samara"]
[Date "2012.07.11"]
[Round "7.47"]
[White "Rumyantsev, Nikolay"]
[Black "Kalashnikova, Elena"]
[Result "1/2-1/2"]
[WhiteElo "1742"]
[BlackElo "1706"]
[PlyCount "157"]
[EventDate "2012.07.05"]

1. e4 d5 2. e5 Bf5 3. d4 e6 4. a3 c5 5. g4 Bg6 6. c3 Qb6 7. b4 cxd4 8. cxd4 Nc6
9. Be3 a5 10. Qa4 Rc8 11. Bb5 axb4 12. axb4 Kd8 13. Ne2 Bxb4+ 14. Nd2 Nge7 15.
O-O Bxd2 16. Bxd2 Kd7 17. Ba5 Qa7 18. Qa3 Ke8 19. Rfc1 b6 20. Bb4 Qxa3 21. Rxa3
Kd8 22. Bd6 Na5 23. Rxc8+ Nxc8 24. Bb4 Kc7 25. Nc1 Kb7 26. Nb3 Na7 27. Be2 N5c6
28. Ba6+ Kc7 29. Bd6+ Kd7 30. Be2 Bc2 31. Na1 Bg6 32. Ra6 Nc8 33. Ra8 Re8 34.
Ba3 Nxd4 35. Bd1 Nc6 36. f4 N8a7 37. Rxe8 Kxe8 38. Ba4 Kd7 39. Bf8 b5 40. Bd1
Nc8 41. Nb3 Ke8 42. Bxg7 Nb6 43. Kf2 Bd3 44. Nc5 Bc4 45. Bc2 b4 46. Bxh7 b3 47.
h4 d4 48. Bb1 Nd5 49. Ne4 Na5 50. Nf6+ Nxf6 51. Bxf6 d3 52. Ke1 b2 53. h5 Nb3
54. h6 d2+ 55. Kd1 Bd5 56. h7 Bf3+ 57. Kc2 d1=Q+ 58. Kxb2 Qc1+ 59. Ka2 Qd2+ 60.
Ka3 Qc1+ 61. Ka2 Qd2+ 62. Ka3 Qa5+ 63. Kxb3 Bd5+ 64. Kb2 Qb4+ 65. Kc1 Qc3+ 66.
Bc2 Qe1+ 67. Kb2 Qb4+ 68. Kc1 Qxf4+ 69. Kb2 Qd4+ 70. Kb1 Qb4+ 71. Kc1 Qf4+ 72.
Kb2 Qd4+ 73. Kc1 Qg1+ 74. Kb2 Qd4+ 75. Kc1 Qa1+ 76. Kd2 Qd4+ 77. Kc1 Qe3+ 78.
Kb2 Qb6+ 79. Kc1 1/2-1/2

[Event "L. Polugaevsky Memorial 2012"]
[Site "Samara"]
[Date "2012.07.11"]
[Round "7.48"]
[White "Zernov, Egor"]
[Black "Chekalkina, Viktoria"]
[Result "0-1"]
[WhiteElo "1498"]
[BlackElo "1834"]
[PlyCount "114"]
[EventDate "2012.07.05"]

1. e4 e6 2. d3 d5 3. Nd2 Nf6 4. g3 dxe4 5. Nxe4 Nxe4 6. dxe4 Qxd1+ 7. Kxd1 Bc5
8. f4 O-O 9. Bg2 Nc6 10. Nf3 b6 11. Ke2 Ba6+ 12. Ke1 Nb4 13. Kd1 Rad8+ 14. Bd2
Be3 15. Kc1 Bxd2+ 16. Nxd2 Rd7 17. a3 Nc6 18. Bf1 Rfd8 19. Bxa6 Rxd2 20. Bd3
Rf2 21. Kd1 Nd4 22. Ke1 Rxc2 23. Bxc2 Nxc2+ 24. Ke2 Nxa1 25. Rxa1 f6 26. Rc1 c5
27. Ke3 a5 28. b4 cxb4 29. axb4 a4 30. b5 a3 31. Ra1 Ra8 32. Kd3 Kf7 33. Kc3
Ke7 34. Kb4 a2 35. g4 g5 36. f5 exf5 37. exf5 Kd6 38. Kc4 Ke5 39. h3 Ra5 40.
Kd3 Kd5 41. Kc3 Kc5 42. Kb2 Kxb5 43. Rxa2 Rxa2+ 44. Kxa2 Kc4 45. Kb1 Kd4 46.
Kb2 Ke4 47. Kc3 Kf4 48. Kd4 b5 49. Kd5 b4 50. Ke6 b3 51. Kxf6 b2 52. Kg7 b1=Q
53. f6 Qb2 54. Kf7 Ke5 55. Kg7 Ke6 56. Kh6 Qxf6+ 57. Kh5 Qg6# 0-1